000 00525nam a2200145 4500
999 _c10762
_d10762
008 180919b ||||| |||| 00| 0 eng d
022 _a2094-8042
082 _aDPer 370.105 M72 Jan-Dec 2011 v59-60
100 _931359
_aAlmario, Rosemarie A.
245 _aWorkplan in mathematics for SY 2011-2012/
_cRosemarie A. Almario.
260 _aPhilippines:
_bIn the Grade School, Inc.,
_cc2011.
300 _av60 n4, page 167:
_billustrations;
_c27cm.
650 0 _931360
_aProgrammed instruction
_xMathematics.
942 _2ddc
_cPER